Samospráva bez majetku nemôže fungovať
Základné otázky hospodárenia miestnych samospráv. Analýza vlastníckych vzťahov v samospráve a krátke zhodnotenie reformy verejnej správy.
Salvato in:
| Autore principale: | |
|---|---|
| Natura: | Capitolo di libro |
| Lingua: | slovacco |
| Soggetti: | |
| Tags: |
Nessun Tag, puoi essere il primo ad aggiungerne!!
|
MARC
| LEADER | 00000naa a2200000 4500 | ||
|---|---|---|---|
| 001 | r044741 | ||
| 005 | 20230927091407.8 | ||
| 041 | 0 | |a slo | |
| 044 | |a SK | ||
| 245 | 1 | 0 | |a Samospráva bez majetku nemôže fungovať |c Radoslav Kožiak |
| 520 | |a Základné otázky hospodárenia miestnych samospráv. Analýza vlastníckych vzťahov v samospráve a krátke zhodnotenie reformy verejnej správy. | ||
| 610 | 2 | 0 | |a samospráva |
| 610 | 2 | 0 | |a vzťahy vlastnícke |
| 610 | 2 | 0 | |a hospodárenie finančné |
| 610 | 2 | 0 | |a správa verejná |
| 610 | 2 | 0 | |a obce |
| 610 | 2 | 0 | |a mestá |
| 610 | 2 | 0 | |a reformy štruktúrne |
| 610 | 2 | 0 | |a Slovensko |
| 100 | 1 | |a Kožiak, Radoslav | |